Patriots Lineup - 2025 - Statistics

General Stats
  • This quiz has been taken 198 times
    15 since last reset
  • The average score is 18 of 26
Answer Stats
Hint Answer % Correct
QB Drake Maye
100%
WR DeMario Douglas
92%
TE Hunter Henry
92%
WR Mack Hollins
92%
RB Rhamondre Stevenson
92%
WR Stefon Diggs
92%
RB TreVeyon Henderson
92%
LT Will Campbell
92%
RCB Christian Gonzalez
83%
WR Kayshon Boutte
83%
RDE Milton Williams
83%
LG Jared Wilson
75%
RT Morgan Moses
75%
LCB Carlton Davis
67%
C Garrett Bradbury
67%
K Andres Borregales
58%
FS Craig Woodson
58%
LILB Robert Spillane
58%
LDE Christian Barmore
50%
RG Michael Onwenu
50%
WLB Harold Landry
42%
NT Khyiris Tonga
42%
SLB K'Lavon Chaisson
42%
P Bryce Baringer
33%
RILB Christian Elliss
33%
SS Jaylinn Hawkins
33%
No matching quizzes found
Score Distribution
Percent of People with Each Score
Percentile by Number Answered
Your Score History
You have not taken this quiz since the last reset